| 000 | 00366nam a2200121Ia 4500 | ||
|---|---|---|---|
| 005 | 20251222154304.0 | ||
| 008 | 251222s9999||||xx |||||||||||||| ||spa|| | ||
| 020 | _a978-612-302-179-5 | ||
| 082 | _a371.335/U77 | ||
| 100 | _a"Uriarte Mora, Felipe" | ||
| 245 | 0 | _a"Cómo enseñar?: Texto básico de formación pedagógica, antologéa y breves reflexiones" | |
| 942 | _cLIB | ||
| 999 |
_c33136 _d33136 |
||